000 00238nam a22000857a 4500
008 160706b xxu||||| |||| 00| 0 eng d
100 _92298
_a Kohli, D
245 _aThe Parcel for the Postmaster
260 _aNew Delhi
_bNational Book Trust
_c1994
999 _c1979
_d1979